[Event "Heraklion Gazi op"]
[Site "Heraklion"]
[Date "2006.09.02"]
[Round "3"]
[White "Lirindzakis, Emmanouil"]
[Black "Filippou, Maria"]
[Result "0-1"]
[WhiteElo "1005"]
[BlackElo "1270"]
[PlyCount "62"]
[EventDate "2006.08.31"]
[EventType "swiss"]
[EventRounds "7"]
[EventCountry "GRE"]
[SourceTitle "EXT 2008"]
[Source "ChessBase"]
[SourceDate "2007.11.25"]
[SourceVersion "1"]
[SourceVersionDate "2007.11.25"]
[SourceQuality "1"]

1. e3 e5 2. d3 d5 3. Nf3 Nc6 4. Nc3 Nf6 5. e4 d4 6. Bg5 dxc3 7. bxc3 Be7 8. Rb1 0-0 9. Rb5 a6 10. Rb3 Nd7 11. Bxe7 Qxe7 12. Nd2 Nc5 13. Rb1 Be6 14. Be2 Bxa2 15. Ra1 Na4 16. Nc4 Nxc3 17. Qd2 Nxe2 18. Qxe2 Bxc4 19. Ra4 Bb5 20. h3 Bxa4 21. c3 Bb3 22. Kd2 a5 23. g3 a4 24. Qe1 Qa3 25. Qb1 Qa2+ 26. Ke3 Qxb1 27. Rxb1 a3 28. Ra1 b5 29. d4 exd4+ 30. Kd3 Rfd8 31. e5 b4 0-1

[Event "Heraklion Gazi op"]
[Site "Heraklion"]
[Date "2006.08.31"]
[Round "1"]
[White "Lirindzakis, Emmanouil"]
[Black "Kakouris Marakas, Mihail"]
[Result "0-1"]
[WhiteElo "1005"]
[BlackElo "1330"]
[PlyCount "42"]
[EventDate "2006.08.31"]
[EventType "swiss"]
[EventRounds "7"]
[EventCountry "GRE"]
[SourceTitle "EXT 2008"]
[Source "ChessBase"]
[SourceDate "2007.11.25"]
[SourceVersion "1"]
[SourceVersionDate "2007.11.25"]
[SourceQuality "1"]

1. e4 Nf6 2. d3 e6 3. Bf4 Nc6 4. Nc3 Bb4 5. a3 Bxc3+ 6. bxc3 0-0 7. Nf3 Re8 8. Nd4 e5 9. Bxe5 Nxe5 10. Be2 d5 11. Rb1 dxe4 12. dxe4 b6 13. Rb5 Ba6 14. Rd5 Nxd5 15. exd5 Bxe2 16. Qxe2 Nd3+ 17. cxd3 Rxe2+ 18. Nxe2 Qxd5 19. c4 Qxd3 20. Nc1 Re8+ 21. Ne2 Qxe2# 0-1